LEADER 01692oam 2200469 450 001 9910716727803321 005 20220511115149.0 024 8 $a44-344 035 $a(CKB)5470000002524900 035 $a(OCoLC)1265406522 035 $a(OCoLC)995470000002524900 035 $a(EXLCZ)995470000002524900 100 $a20210827d2021 ua 0 101 0 $aeng 135 $aur||||||||||| 181 $ctxt$2rdacontent 182 $cc$2rdamedia 183 $acr$2rdacarrier 200 10$aBy the numbers $ehow diversity data can measure commitment to diversity, equity, and inclusion : virtual hearing before the Subcommittee on Diversity and Inclusion of the Committee on Financial Services, U.S. House of Representatives, One Hundred Seventeenth Congress, first session, March 18, 2021 210 1$aWashington :$cU.S. Government Publishing Office,$d2021. 215 $a1 online resource (v, 268 pages) $cillustrations 300 $aAccess ID (govinfo): CHRG-117hhrg44344. 300 $a"Serial no. 117-11." 320 $aIncludes bibliographical references. 517 $aBy the numbers 606 $aDiscrimination in housing$zUnited States 606 $aDiscrimination in financial services$zUnited States 606 $aDiversity in the workplace$zUnited States 608 $aLegislative hearings.$2lcgft 615 0$aDiscrimination in housing 615 0$aDiscrimination in financial services 615 0$aDiversity in the workplace 801 0$bGPO 801 1$bGPO 801 2$bGPO 801 2$bOCLCO 801 2$bOCLCF 801 2$bGPO 906 $aBOOK 912 $a9910716727803321 996 $aBy the numbers$93437642 997 $aUNINA